| 000 | 01909 a2200313 4500 | ||
|---|---|---|---|
| 003 | OSt | ||
| 005 | 20180116192326.0 | ||
| 008 | 120229t xxu||||| |||| 00| 0 eng d | ||
| 010 | _a 97022458 | ||
| 020 | _a0442009917 | ||
| 020 | _a0471291773 (Wiley : label on cover) | ||
| 022 | _a9780471291770 | ||
| 040 | _c0 | ||
| 082 | 0 | 0 | _a720.47 |
| 100 | 1 |
_aGivoni, Baruch. _9321 |
|
| 245 | 1 | 0 |
_aClimate considerations in building and urban design / _cBaruch Givoni. |
| 260 |
_aNew York : _bVan Nostrand Reinhold, _cc1998. |
||
| 300 |
_axiv, 464 p. : _bill. ; _c29 cm. |
||
| 505 | _aPart. 1. Building climatology -- Comfort issues and climate analysis for building design -- Architectural features affecting the indoor climate -- material properties and thermal performance of buildings -- passive solar heating systems -- Passive cooling of buildings -- Climatic characteristics of housing types -- Part.2. Urban climatology -- General characteristics of the urban climate -- urban design effects on the urban climate -- impact of green areas on site and urban climates -- Part.3. Building and urban design guidelines -- Building and urban design for hot dry regions -- Building and urban design for hot humid regions -- building and urban design in cold climates -- Regions with cold winters and hot humid summers. | ||
| 650 | 0 |
_aArchitecture and climate. _9322 |
|
| 650 | 0 |
_aUrban climatology. _9323 |
|
| 650 | 0 |
_aArchitecture _xEnvironmental aspects _9324 |
|
| 650 | 0 |
_aArchitectural design _9325 |
|
| 856 | 4 | 2 |
_3Contributor biographical information _uhttp://www.loc.gov/catdir/bios/wiley041/97022458.html |
| 856 | 4 | 2 |
_3Publisher description _uhttp://www.loc.gov/catdir/description/wiley032/97022458.html |
| 856 | 4 | 2 |
_3Table of Contents _uhttp://www.loc.gov/catdir/toc/onix03/97022458.html |
| 942 |
_aSADA _cBK _k720.47 GIV 1997 _2ddc |
||
| 999 |
_c352184 _d352184 |
||